Strength of materials (Record no. 4143)

000 -LEADER
fixed length control field 00602nam a2200229 4500
001 - CONTROL NUMBER
control field 4143
003 - CONTROL NUMBER IDENTIFIER
control field BD-DhUET
008 - FIXED-LENGTH DATA ELEMENTS--GENERAL INFORMATION
fixed length control field 0
020 ## - INTERNATIONAL STANDARD BOOK NUMBER
International Standard Book Number 0070702977
040 ## - CATALOGING SOURCE
Transcribing agency 0
Modifying agency BD-DhUET
082 ## - DEWEY DECIMAL CLASSIFICATION NUMBER
Classification number 620.112
Item number WIL/1981
100 ## - MAIN ENTRY--PERSONAL NAME
Personal name Willems, Nicholas
245 ## - TITLE STATEMENT
Title Strength of materials
Statement of responsibility, etc. by Nicholas Willems, John T. Easley and Stanley T. Rolfe
250 ## - EDITION STATEMENT
Edition statement 1st ed.
260 ## - PUBLICATION, DISTRIBUTION, ETC. (IMPRINT)
Place of publication, distribution, etc. New York
Name of publisher, distributor, etc. McGraw-Hill
Date of publication, distribution, etc. 1981
300 ## - PHYSICAL DESCRIPTION
Extent xviii, 508 p.
Other physical details ill.
Dimensions 12 cm.
504 ## - BIBLIOGRAPHY, ETC. NOTE
Bibliography, etc Includes bibliographies
650 #0 - SUBJECT ADDED ENTRY--TOPICAL TERM
Topical term or geographic name as entry element Strength of materials
700 ## - ADDED ENTRY--PERSONAL NAME
Personal name Easley, John T.
700 ## - ADDED ENTRY--PERSONAL NAME
Personal name Rolfe, Stanley T.
942 ## - ADDED ENTRY ELEMENTS (KOHA)
Koha item type General Book
Holdings
Piece designation (barcode) Koha date last seen Source of classification or shelving scheme Shelving location Date acquired Damaged status Location (home branch) Lost status Koha date last borrowed Sublocation or collection (holding branch) Copy number Not for loan Koha out on loan Withdrawn status Price effective from Koha normalized classification for sorting Koha full call number Koha item type Koha issues (times borrowed)
798492018-12-18 Circulation section2014-11-12 Central Library, BUET 2018-11-06Central Library, BUET1   2014-11-12620_112000000000000_WIL_1981620.112/WIL/1981General Book1
798502019-04-24 Circulation section2014-11-12 Central Library, BUET 2018-12-22Central Library, BUET2   2014-11-12620_112000000000000_WIL_1981620.112/WIL/1981General Book1
798532014-11-12 Circulation section2014-11-12 Central Library, BUET  Central Library, BUET3   2014-11-12620_000000000000000_112WIL1981620.112/WIL/1981General Book 
814082014-11-12 Circulation section2014-11-12 Central Library, BUET  Central Library, BUET4   2014-11-12620_000000000000000_112WIL1981620.112/WIL/1981General Book 
798522021-12-07 Circulation section2014-11-12 Central Library, BUET 2021-11-29Central Library, BUET5   2014-11-12620_000000000000000_112WIL1981620.112/WIL/1981General Book2
795802025-12-08 Circulation section2014-11-12 Central Library, BUET 2025-12-08Central Library, BUET6 2025-12-22 2014-11-12620_000000000000000_112WIL1981620.112/WIL/1981General Book1
814102014-11-12 Circulation section2014-11-12 Central Library, BUET  Central Library, BUET7   2014-11-12620_000000000000000_112WIL1981620.112/WIL/1981General Book 
798512023-07-18 Circulation section2014-11-12 Central Library, BUET 2023-07-08Central Library, BUET8   2014-11-12620_000000000000000_112WIL1981620.112/WIL/1981General Book1
814092014-11-12 Circulation section2014-11-12 Central Library, BUET  Central Library, BUET9   2014-11-12620_112000000000000_WIL_1981620.112/WIL/1981General Book 
79581 2015-02-04 Circulation section2015-02-04 Central Library, BUET  Central Library, BUET10   2015-02-04620_112000000000000_WIL_1981620.112/WIL/1981General Book